Epstein Island Flight Log - Statistics

General Stats
  • This quiz has been taken 659 times
    532 since last reset
  • The average score is 10 of 163
Answer Stats
Answer % Correct
Donald Trump
95%
Bill Clinton
74%
Hillary Clinton
63%
Stephen Hawking
54%
Barack Obama
48%
Jeffery Epstein
47%
Michelle Obama
47%
Mark Epstein
44%
Paula Epstein
44%
Joe Biden
39%
Bill Gates
34%
Prince Andrew
31%
Ghislaine Maxwell
29%
Jay Z
26%
Beyonce
20%
Eminem
13%
Tom Hanks
12%
Oprah Winfrey
11%
Al Gore
9%
Ehud Barak
9%
Rihanna
8%
Katy Perry
7%
Kevin Spacey
7%
Prince Charles
7%
Callum Hudson-Odoi
6%
Chris Tucker
6%
Ellen DeGeneres
6%
Lady Gaga
6%
Alan Dershowitz
5%
Bernie Sanders
5%
Bruce Willis
5%
Jeffery Jones
5%
Jim Carrey
5%
Madonna
5%
Naomi Campbell
5%
Robert DeNiro
5%
Angelina Jolie
4%
Jimmy Kimmel
4%
Justin Trudeau
4%
Paris Hilton
4%
Robert Downey Jr
4%
Sophie Trudeau
4%
Whoopi Goldberg
4%
George Clooney
3%
Gwendolyn Beck
3%
Mikel Arteta
3%
Orlando Bloom
3%
Quentin Tarantino
3%
Shelley Harrison
3%
Akon
2%
Alec Baldwin
2%
Allison Mack
2%
Alyssa Rodgers
2%
Anderson Cooper
2%
Ben Afleck
2%
Charlie Sheen
2%
Cher
2%
Courtney Cox
2%
Dan Schneider
2%
Demi Moore
2%
Glenn Dubin
2%
Jean-Luc Brunel
2%
John Travolta
2%
Juliette Bryant
2%
Kristy Rodgers
2%
Larry Summers
2%
Mandy Ellison
2%
Meryl Streep
2%
Miley Cyrus
2%
Rainn Wilson
2%
Raloh Ellison
2%
Rita Wilson
2%
Seth Green
2%
Shelley Lewis
2%
Steven Speilberg
2%
Steven Tyler
2%
Tom Pritzker
2%
Adam Perry Lang
1%
Andres Pastrana
1%
Anthony Kiedis
1%
Anthony Weiner
1%
Brew Barrymore
1%
Celine Deon
1%
Charles Barkley
1%
Charlize Theron
1%
Courtney Love
1%
David Koch
1%
David Spade
1%
Donovan Mitchell
1%
Doug Band
1%
Ed Tuttle
1%
Ellen Spencer
1%
Fleur Perry Lang
1%
Francis X Suarez
1%
Gwen Stefani
1%
Heather Mann
1%
Heidi Klum
1%
James Franco
1%
James Gunn
1%
John Cusack
1%
John Legend
1%
John Podesta
1%
Justin Roiland
1%
Kathy Griffin
1%
Lynn Rothchild
1%
Marina Abramovic
1%
Michelle Wolf
1%
Naomi Watts
1%
Olga Kurylenko
1%
Paul Mellon
1%
Pharrel Willams
1%
Ray Barzana
1%
Rudy Gobert
1%
Stephen Colbert
1%
Stephen Collins
1%
Albert Pinto
0%
Andrea Mitrovich
0%
Bob Saget
0%
Casey Wasserman
0%
Chelsea Handler
0%
Chris Wagner
0%
Claire Hazel
0%
Cyndi Lasider
0%
David Yarovesky
0%
Dolores Zorreguieta
0%
Ed Buck
0%
Emmy Tayler
0%
Freya Wissing
0%
Gary Roxbursh
0%
Greg Holbert
0%
Hank Coller
0%
Henry Rosovsky
0%
Jean-Michel Gathy
0%
Joe Pagano
0%
Joy Behar
0%
Juan Pablo Molyneux
0%
Kelly Spam
0%
Kirstan Gillibrand
0%
Marc Colins
0%
Mark Lloyd
0%
Melinda Luntz
0%
Nadine Dorries
0%
Natalie Perrier
0%
Nicole Junkerman
0%
Oliver Sacks
0%
Patton Oswalt
0%
Paula Mala
0%
Peter Marino
0%
Rachel Maddow
0%
Ricardo Vilchis
0%
Rob Reiner
0%
Rodney Slater
0%
Ronald Burkie
0%
Sander Burger
0%
Sarah Kellen
0%
Sarah Silverman
0%
Sophie Biddle-Hakim
0%
Svetlana Glazunova
0%
Teala Davies
0%
Tiffany Gramza
0%
Tyler Grasham
0%
Victor Salva
0%
Wanda Sykes
0%
No matching quizzes found
Score Distribution
Percent of People with Each Score
Percentile by Number Answered
Your Score History
You have not taken this quiz since the last reset